[Event "ARG-ch U12 Girls"]
[Site "Buenos Aires"]
[Date "2019.03.03"]
[Round "5.2"]
[White "Bontempi, Sofia Milagros"]
[Black "Gimenez, Julieta"]
[Result "1-0"]
[WhiteElo "1403"]
[BlackElo "1254"]
[PlyCount "141"]
[EventDate "2019.03.01"]
[EventType "swiss"]
[EventRounds "9"]
[EventCountry "ARG"]
[SourceTitle "EXT 2024"]
[Source "ChessBase"]
[SourceDate "2023.10.10"]
[SourceVersion "1"]
[SourceVersionDate "2023.10.10"]
[SourceQuality "1"]

1. d4 Nf6 2. c4 e5 3. dxe5 Ng4 4. Nf3 Bc5 5. e3 Nc6 6. Nc3 Ngxe5 7. Nxe5 Nxe5 8. Be2 0-0 9. 0-0 a5 10. b3 Ra6 11. Bb2 Re8 12. Na4 Ba7 13. Qc2 Rh6 14. Qc3 Qh4 15. h3 d6 16. e4 Qg5 17. Bc1 Bd4 18. Bxg5 Bxc3 19. Nxc3 Rg6 20. f4 Nc6 21. Bh5 Rge6 22. f5 Re5 23. Bf3 Nd4 24. Bf4 R5e7 25. Rad1 Nxf3+ 26. Rxf3 Bd7 27. Nd5 Rxe4 28. Nxc7 Re1+ 29. Rxe1 Rxe1+ 30. Kh2 Bc6 31. Re3 Rd1 32. Nd5 f6 33. Bxd6 Bxd5 34. cxd5 Rxd5 35. Ba3 Rxf5 36. Re8+ Kf7 37. Re7+ Kg6 38. Rxb7 Rf2 39. Bf8 Rxa2 40. Rxg7+ Kh6 41. Rg8+ Kh5 42. Be7 f5 43. Rg5+ Kh6 44. Rxf5 Kg6 45. Rb5 Kf7 46. Bd8 a4 47. bxa4 Rxa4 48. Rb7+ Kg8 49. Bf6 Rf4 50. Bb2 Rf2 51. Bd4 Rd2 52. Ba1 Ra2 53. Bc3 Rc2 54. Rc7 Re2 55. Rg7+ Kf8 56. Rxh7 Rc2 57. Bb4+ Kg8 58. Rb7 Rc8 59. Bd6 Rd8 60. Rb8 Rxb8 61. Bxb8 Kg7 62. Kg3 Kh8 63. Kf4 Kg8 64. Kf5 Kg7 65. g4 Kg8 66. Kf6 Kh7 67. h4 Kg8 68. Kg6 Kh8 69. Be5+ Kg8 70. h5 Kf8 71. h6 1-0

[Event "Rosario Bandera Memorial"]
[Site "Rosario"]
[Date "2017.06.17"]
[Round "2"]
[White "Samudio, Gonzalo"]
[Black "Gimenez, Julieta"]
[Result "1-0"]
[WhiteElo "1684"]
[BlackElo "1275"]
[PlyCount "45"]
[EventDate "2017.06.17"]
[EventType "swiss"]
[EventRounds "7"]
[EventCountry "ARG"]
[SourceTitle "CBM 179 Extra"]
[Source "ChessBase"]
[SourceDate "2017.08.23"]
[SourceVersion "1"]
[SourceVersionDate "2017.08.23"]
[SourceQuality "1"]

1. c4 e5 2. g3 Nf6 3. Bg2 Nc6 4. Nc3 Bc5 5. d3 0-0 6. Nf3 h6 7. a3 d6 8. b4 Bd4 9. Nxd4 exd4 10. Nd5 Bg4 11. 0-0 Re8 12. Re1 a6 13. h3 Bh5 14. Nf4 b5 15. Bxc6 Re7 16. Nxh5 Nxh5 17. e4 Rb8 18. Qxh5 Re6 19. Bb2 Qf6 20. Qf5 Qe7 21. Bxd4 Rg6 22. Bd5 Kf8 23. e5 1-0